Statystyki dla Mistrzowie Kierowców F1

Kliknij tutaj aby rozwiązać quiz!

Ogólne statystyki

  • Ten quiz został rozwiązany 43 razy
    (38 od ostatniego zresetowania)
  • Średni wynik to 58 z 73

Statystyki odpowiedzi

RokZespółOdpowiedź% Poprawnych
1988McLarenAyrton Senna
100%
1990McLarenAyrton Senna
100%
1991McLarenAyrton Senna
100%
2008McLarenLewis Hamilton
100%
2020MercedesLewis Hamilton
100%
2019MercedesLewis Hamilton
100%
2018MercedesLewis Hamilton
100%
2017MercedesLewis Hamilton
100%
2015MercedesLewis Hamilton
100%
2014MercedesLewis Hamilton
100%
2022Red BullMax Verstappen
100%
2021Red BullMax Verstappen
100%
2001FerrariMichael Schumacher
100%
2003FerrariMichael Schumacher
100%
1994BenettonMichael Schumacher
100%
1995BenettonMichael Schumacher
100%
2000FerrariMichael Schumacher
100%
2002FerrariMichael Schumacher
100%
2004FerrariMichael Schumacher
100%
2011Red BullSebastian Vettel
100%
2012Red BullSebastian Vettel
100%
2013Red BullSebastian Vettel
100%
2010Red BullSebastian Vettel
100%
2005RenaultFernando Alonso
96%
2006RenaultFernando Alonso
96%
2016MercedesNico Rosberg
96%
1982WilliamsKeke Rosberg
92%
2007FerrariKimi Räikkönen
92%
2009BrawnJenson Button
88%
1984McLarenNiki Lauda
88%
1975FerrariNiki Lauda
88%
1977FerrariNiki Lauda
88%
1993WilliamsAlain Prost
84%
1989McLarenAlain Prost
84%
1986McLarenAlain Prost
84%
1985McLarenAlain Prost
84%
1954MaseratiJuan Manuel Fangio
84%
1955MercedesJuan Manuel Fangio
84%
1956FerrariJuan Manuel Fangio
84%
1957MaseratiJuan Manuel Fangio
84%
1951Alfa RomeoJuan Manuel Fangio
84%
1999McLarenMika Häkkinen
84%
1998McLarenMika Häkkinen
84%
1996WilliamsDamon Hill
76%
1962BRMGraham Hill
76%
1968LotusGraham Hill
76%
1959CooperJack Brabham
76%
1966BrabhamJack Brabham
76%
1960CooperJack Brabham
76%
1961FerrariPhil Hill
76%
1953FerrariAlberto Ascari
72%
1952FerrariAlberto Ascari
72%
1997WilliamsJacques Villeneuve
72%
1950Alfa RomeoGiuseppe Farina
68%
1987WilliamsNelson Piquet
64%
1983BrabhamNelson Piquet
64%
1981BrabhamNelson Piquet
64%
1992WilliamsNigel Mansell
60%
1969MatraJackie Stewart
56%
1973TyrrellJackie Stewart
56%
1971TyrrellJackie Stewart
56%
1972LotusEmerson Fittipaldi
52%
1974McLarenEmerson Fittipaldi
52%
1965LotusJim Clark
52%
1963LotusJim Clark
52%
1976McLarenJames Hunt
48%
1978LotusMario Andretti
44%
1967BrabhamDenny Hulme
40%
1979FerrariJody Scheckter
40%
1964FerrariJohn Surtees
40%
1958FerrariMike Hawthorn
40%
1980WilliamsAlan Jones
36%
1970LotusJochen Rindt
32%

Rozkład punktacji

Percentyl według liczby udzielonych odpowiedzi

Procent ludzi z każdym wynikiem

Twoja historia wyników

Nie rozwiązałeś tego quizu od ostatniego zresetowania